C++ : (Record no. 140)

000 -LEADER
fixed length control field 00354 a2200121 4500
020 ## - INTERNATIONAL STANDARD BOOK NUMBER
International Standard Book Number 007053246X
082 ## - DEWEY DECIMAL CLASSIFICATION NUMBER
Classification number 005.133 SCH
100 ## - MAIN ENTRY--PERSONAL NAME
Personal name Schildt, Herbert.
245 ## - TITLE STATEMENT
Title C++ :
Remainder of title the complete reference
Statement of responsibility, etc. Herbert Schildt.
250 ## - EDITION STATEMENT
Edition statement 4th ed.
260 ## - PUBLICATION, DISTRIBUTION, ETC.
Place of publication, distribution, etc. New Delhi :
Name of publisher, distributor, etc. Tata McGraw-Hill,
Date of publication, distribution, etc. 2005.
300 ## - PHYSICAL DESCRIPTION
Extent xxxii, 1023 p. :
Other physical details ill. ;
Dimensions 24 cm.
650 ## - SUBJECT ADDED ENTRY--TOPICAL TERM
Topical term or geographic name entry element C++ (Computer program language)
Holdings
Withdrawn status Lost status Damaged status Not for loan Permanent Location Current Location Shelving location Date acquired Total Checkouts Total Renewals Full call number Barcode Date last seen Date last checked out Price effective from Koha item type
        Central Library (CL) Central Library (CL)   10/19/2020 5 4 005.133 SCH NIT-4915 12/03/2023 11/16/2023 01/05/2017 Book
© 2023 Central Library, National University of Sciences and Technology. All Rights Reserved.